[Event "Wch U12"]
[Site "Batumi"]
[Date "2022.09.23"]
[Round "7"]
[White "Kim, Heeyou"]
[Black "Sarasketa Irastortza, Oier"]
[Result "0-1"]
[WhiteElo "1271"]
[BlackElo "1756"]
[PlyCount "56"]
[EventDate "2022.09.16"]
[EventType "swiss"]
[EventRounds "11"]
[EventCountry "GEO"]
[SourceTitle "EXT 2023"]
[Source "ChessBase"]
[SourceDate "2022.10.05"]
[SourceVersion "1"]
[SourceVersionDate "2022.10.05"]
[SourceQuality "1"]

1. d4 Nf6 2. Nf3 g6 3. c4 Bg7 4. Nc3 d6 5. Bf4 0-0 6. e3 c5 7. d5 Qa5 8. Qa4 Qxa4 9. Nxa4 b5 10. cxb5 Nxd5 11. Bg3 Bf5 12. Bc4 Nb4 13. 0-0 Bd3 14. Bxd3 Nxd3 15. Rab1 Nd7 16. Rfd1 N3e5 17. Nxe5 Nxe5 18. f4 Nc4 19. Re1 Rab8 20. Nc3 Nxb2 21. Nd5 Rfe8 22. Bh4 Kf8 23. Nc7 Rec8 24. Nd5 Rb7 25. g4 Nc4 26. f5 Nd2 27. Bg3 Nxb1 28. Rxb1 c4 0-1

[Event "Wch U12"]
[Site "Batumi"]
[Date "2022.09.19"]
[Round "4"]
[White "Kim, Heeyou"]
[Black "Sternfeld, Tomer"]
[Result "1/2-1/2"]
[WhiteElo "1271"]
[BlackElo "1592"]
[PlyCount "25"]
[EventDate "2022.09.16"]
[EventType "swiss"]
[EventRounds "11"]
[EventCountry "GEO"]
[SourceTitle "EXT 2023"]
[Source "ChessBase"]
[SourceDate "2022.10.05"]
[SourceVersion "1"]
[SourceVersionDate "2022.10.05"]
[SourceQuality "1"]

1. d4 d5 2. c4 e6 3. Nc3 Nf6 4. Bg5 Be7 5. Nf3 a6 6. e3 dxc4 7. Bxc4 b5 8. Bd3 Bb7 9. 0-0 0-0 10. Bxf6 Bxf6 11. Be4 c6 12. Rc1 b4 13. Ne2 1/2-1/2

[Event "Wch U12"]
[Site "Batumi"]
[Date "2022.09.17"]
[Round "2"]
[White "Stichter, Constantin Paul"]
[Black "Kim, Heeyou"]
[Result "1/2-1/2"]
[WhiteElo "1620"]
[BlackElo "1271"]
[PlyCount "42"]
[EventDate "2022.09.16"]
[EventType "swiss"]
[EventRounds "11"]
[EventCountry "GEO"]
[SourceTitle "EXT 2023"]
[Source "ChessBase"]
[SourceDate "2022.10.05"]
[SourceVersion "1"]
[SourceVersionDate "2022.10.05"]
[SourceQuality "1"]

1. e4 e6 2. Nf3 c5 3. d4 cxd4 4. Nxd4 Nc6 5. Be3 Nf6 6. Nc3 Bb4 7. Nxc6 bxc6 8. Bd3 d5 9. exd5 cxd5 10. 0-0 0-0 11. Bd4 Bb7 12. f4 Be7 13. Qf3 h6 14. Rae1 Bc8 15. h3 Nh7 16. Ne2 Bf6 17. c3 g6 18. g4 Bg7 19. Bxg7 Kxg7 20. Nd4 Rh8 21. Qe2 Qb6 1/2-1/2